000 00293nam a2200121Ia 4500
008 190216s9999||||xx |||||||||||||| ||und||
100 _aBroota. Kd
245 0 _aIntroduction To Psychology. Pt. Xi.
260 _bNcrt - Newdelhi
_c2002
300 _a326
650 _aPsychology
942 _cREF
999 _c36692
_d36692